<?xml version="1.0" encoding="UTF-8"?><?xml-stylesheet type="text/xsl" href="static/style.xsl"?><OAI-PMH xmlns="http://www.openarchives.org/OAI/2.0/" xmlns:xsi="http://www.w3.org/2001/XMLSchema-instance" xsi:schemaLocation="http://www.openarchives.org/OAI/2.0/ http://www.openarchives.org/OAI/2.0/OAI-PMH.xsd"><responseDate>2026-06-02T14:52:47Z</responseDate><request verb="GetRecord" identifier="oai:riuma.uma.es:10630/34152" metadataPrefix="marc">https://riuma.uma.es/rest/oai/request</request><GetRecord><record><header><identifier>oai:riuma.uma.es:10630/34152</identifier><datestamp>2026-02-03T11:42:06Z</datestamp><setSpec>com_10630_2254</setSpec><setSpec>col_10630_37956</setSpec></header><metadata><record xmlns="http://www.loc.gov/MARC21/slim" xmlns:dcterms="http://purl.org/dc/terms/" xmlns:doc="http://www.lyncode.com/xoai" xmlns:xsi="http://www.w3.org/2001/XMLSchema-instance" xsi:schemaLocation="http://www.loc.gov/MARC21/slim http://www.loc.gov/standards/marcxml/schema/MARC21slim.xsd">
   <leader>00925njm 22002777a 4500</leader>
   <datafield ind2=" " ind1=" " tag="042">
      <subfield code="a">dc</subfield>
   </datafield>
   <datafield ind2=" " ind1=" " tag="720">
      <subfield code="a">Santana-Guzmán, Antonio Jesús</subfield>
      <subfield code="e">author</subfield>
   </datafield>
   <datafield ind2=" " ind1=" " tag="260">
      <subfield code="c">2021</subfield>
   </datafield>
   <datafield ind2=" " ind1=" " tag="520">
      <subfield code="a">The architectural heritage is one of the types of property with which the citizen can&#xd;
create the most connection since, when making use of the real estate, he perceives them&#xd;
in a different way than the plastic arts. Sometimes, when renovations are proposed in&#xd;
urban environments, the function that can be given to buildings that are abandoned&#xd;
is studied, becoming interesting sources that generate new flows of activity. Other&#xd;
times, these pieces are considered annoying pieces for urban plans, and are condemned&#xd;
to disappear. In these cases, not only is the construction material with which they were&#xd;
made, or the elements that are still preserved inside, being eliminated, but the spirit&#xd;
of the society to which they belong is being diminished and an involution is generated&#xd;
in its development after the loss of the information that they gave us about a period&#xd;
in our history.</subfield>
   </datafield>
   <datafield ind1="8" ind2=" " tag="024">
      <subfield code="a">978-88-7575-405-1</subfield>
   </datafield>
   <datafield ind1="8" ind2=" " tag="024">
      <subfield code="a">https://hdl.handle.net/10630/34152</subfield>
   </datafield>
   <datafield tag="653" ind2=" " ind1=" ">
      <subfield code="a">Patrimonio cultural - Protección</subfield>
   </datafield>
   <datafield tag="653" ind2=" " ind1=" ">
      <subfield code="a">Arquitectura - Conservación y restauración</subfield>
   </datafield>
   <datafield ind2="0" ind1="0" tag="245">
      <subfield code="a">Estrategias positivas y negativas en edificios con usos compatibles en la arquitectura autárquica en Málaga.</subfield>
   </datafield>
</record>
</metadata></record></GetRecord></OAI-PMH>